| 000 | 00768nac a22002171u 4500 | ||
|---|---|---|---|
| 020 | _a0471244171 | ||
| 082 |
_a621.81 _bWAL |
||
| 090 |
_c7913 _d7913 |
||
| 100 | _aWaldron, Kenneth J. | ||
| 245 |
_aKinematics, dynamics, and design of machinery/ _cK. J. Waldron and Gary L. Kinzel |
||
| 250 | _a2nd ed. | ||
| 260 |
_aLondon: _bJohn Wiley and sons,2004 _c2004 |
||
| 300 |
_a668p.: _bill.; _c32 cm. |
||
| 500 | _adistributer: Al-Ahram | ||
| 504 | _aIncludes bibliographical references and index | ||
| 511 | _acatalogued by: wessam | ||
| 650 | _aMachine design | ||
| 700 | _aKinzel, Gary L. | ||
| 942 |
_cTB _k621.81WAL |
||
| 999 |
_c7913 _d7913 |
||